Hswēi nwēi hkān. (Record no. 62548)
[ view plain ]
| 000 -LEADER | |
|---|---|
| fixed length control field | 00565nam a2200193 4500 |
| 001 - CONTROL NUMBER | |
| control field | sa 65002252 |
| 003 - CONTROL NUMBER IDENTIFIER | |
| control field | DLC |
| 005 - DATE AND TIME OF LATEST TRANSACTION | |
| control field | 20260227112115.0 |
| 008 - FIXED-LENGTH DATA ELEMENTS--GENERAL INFORMATION | |
| fixed length control field | 880715s1962 br 00000 buro |
| 010 ## - LIBRARY OF CONGRESS CONTROL NUMBER | |
| LC control number | sa 65002252 //r88 |
| 050 0# - LIBRARY OF CONGRESS CALL NUMBER | |
| Classification number | PL3988.P4 |
| Item number | H7 |
| 100 00 - MAIN ENTRY--PERSONAL NAME | |
| Personal name | Pe Thein, |
| Titles and words associated with a name | U, |
| Dates associated with a name | 1889- |
| 245 10 - TITLE STATEMENT | |
| Title | Hswēi nwēi hkān. |
| Statement of responsibility, etc. | [yēi thu] Shwei Ụ Dāung. |
| 260 0# - PUBLICATION, DISTRIBUTION, ETC. | |
| Place of publication, distribution, etc. | [Mantạlēi, |
| Name of publisher, distributor, etc. | Mō Ū Pān Sa pei Taik, |
| Date of publication, distribution, etc. | 1962] |
| 300 ## - PHYSICAL DESCRIPTION | |
| Extent | 200 p. |
| Dimensions | 21 cm. |
| 490 0# - SERIES STATEMENT | |
| Series statement | Mō Ū Pān ạ htū htok |
| 500 ## - GENERAL NOTE | |
| General note | Added title: Dialogues of Shwe U Daung. |
| 500 ## - GENERAL NOTE | |
| General note | In Burmese. |
No items available.